[Event "Berlin Lichtenberger op 17th"]
[Site "Berlin"]
[Date "2018.08.23"]
[Round "6"]
[White "Jiranek, Benno"]
[Black "Mueller, Johannes1111"]
[Result "0-1"]
[WhiteElo "1469"]
[BlackElo "1775"]
[PlyCount "84"]
[EventDate "2018.08.18"]
[EventType "swiss"]
[EventRounds "9"]
[EventCountry "GER"]
[SourceTitle "CBM 186 Extra"]
[Source "ChessBase"]
[SourceDate "2018.08.24"]
[SourceVersion "1"]
[SourceVersionDate "2018.08.24"]
[SourceQuality "1"]

1. d4 d5 2. c4 e6 3. Nc3 f5 4. Nf3 Nf6 5. g3 c6 6. cxd5 exd5 7. Bf4 Bd6 8. Bxd6 Qxd6 9. Ne5 0-0 10. e3 Nbd7 11. f4 Ne4 12. Nxe4 fxe4 13. Qc2 Nxe5 14. dxe5 Qb4+ 15. Kf2 g5 16. Rd1 Be6 17. a3 Qb6 18. Rg1 c5 19. Qc3 Rad8 20. b4 cxb4 21. Qxb4 Qxb4 22. axb4 Rc8 23. Rd2 Rc3 24. Be2 Rb3 25. b5 h6 26. Rc1 Rf7 27. Bh5 gxf4 28. Bxf7+ Kxf7 29. gxf4 Rxb5 30. Rdc2 a5 31. Rc7+ Kg6 32. R1c2 a4 33. Ra2 Rb4 34. Rcc2 d4 35. Ra3 d3 36. Rd2 b5 37. Kg3 Bb3 38. Kh4 Rc4 39. Rg2+ Kf5 40. Ra1 Rc2 41. Rg7 d2 42. Rf7+ Bxf7 0-1

[Event "Berlin Lichtenberger op 17th"]
[Site "Berlin"]
[Date "2018.08.22"]
[Round "5"]
[White "Zielke, Ansgar"]
[Black "Jiranek, Benno"]
[Result "1-0"]
[WhiteElo "1608"]
[BlackElo "1469"]
[PlyCount "113"]
[EventDate "2018.08.18"]
[EventType "swiss"]
[EventRounds "9"]
[EventCountry "GER"]
[SourceTitle "CBM 186 Extra"]
[Source "ChessBase"]
[SourceDate "2018.08.24"]
[SourceVersion "1"]
[SourceVersionDate "2018.08.24"]
[SourceQuality "1"]

1. d4 f5 2. c4 Nf6 3. Nc3 d6 4. Nf3 g6 5. e3 Bg7 6. Bd3 0-0 7. 0-0 Qe8 8. Re1 Nc6 9. a3 e5 10. dxe5 dxe5 11. Bc2 Nd8 12. Bb3 c6 13. Nd2 Nf7 14. e4 f4 15. c5 Be6 16. f3 Rd8 17. Bxe6 Qxe6 18. b4 Rd3 19. Qc2 Rfd8 20. Rd1 a6 21. Bb2 Qe7 22. Nc4 Rxd1+ 23. Rxd1 Rd4 24. Rxd4 exd4 25. Ne2 Nh5 26. Bxd4 Bxd4+ 27. Nxd4 Qg5 28. Qd2 Qf6 29. Nc2 Qg5 30. Ne1 Kg7 31. Qb2+ Kh6 32. Nd3 Ng3 33. hxg3 fxg3 34. Qd2 Qxd2 35. Nxd2 Kg7 36. Nf1 h5 37. Nxg3 h4 38. Ne2 Ng5 39. Nef4 Kf6 40. Kf2 Nf7 41. Ke3 g5 42. Ne2 Nh6 43. Nf2 Nf7 44. Ng4+ Ke6 45. Kd4 Ke7 46. Nc1 Nd8 47. Nb3 Ne6+ 48. Ke5 Nf4 49. Ne3 h3 50. gxh3 Nxh3 51. Kf5 Kf7 52. Na5 Kg7 53. Nxb7 Kh6 54. Nd8 Kh5 55. Nxc6 Kh4 56. Ne5 Kg3 57. c6 1-0

[Event "Berlin Lichtenberger op 17th"]
[Site "Berlin"]
[Date "2018.08.19"]
[Round "2"]
[White "Fiss, Wolfgang"]
[Black "Jiranek, Benno"]
[Result "1-0"]
[WhiteElo "1757"]
[BlackElo "1469"]
[PlyCount "87"]
[EventDate "2018.08.18"]
[EventType "swiss"]
[EventRounds "9"]
[EventCountry "GER"]
[SourceTitle "CBM 186 Extra"]
[Source "ChessBase"]
[SourceDate "2018.08.24"]
[SourceVersion "1"]
[SourceVersionDate "2018.08.24"]
[SourceQuality "1"]

1. d4 d5 2. Nf3 Nf6 3. Bf4 Bf5 4. e3 e6 5. Bd3 Bxd3 6. Qxd3 c6 7. Qb3 Qb6 8. Nbd2 Qxb3 9. Nxb3 Be7 10. Ne5 Nh5 11. Bg3 Nxg3 12. hxg3 f6 13. Nd3 b6 14. Rc1 0-0 15. c4 dxc4 16. Rxc4 Rc8 17. Nf4 e5 18. dxe5 fxe5 19. Nd3 Nd7 20. e4 b5 21. Rc2 c5 22. Kd2 c4 23. Rhc1 Nb6 24. Nxe5 Bb4+ 25. Kd1 cxb3 26. axb3 Rxc2 27. Rxc2 Rc8 28. Nc6 Bf8 29. f4 Kf7 30. g4 h6 31. f5 Ke8 32. Ne5 Ke7 33. Ng6+ Ke8 34. Rc3 Kd7 35. Ne5+ Ke7 36. Ng6+ Ke8 37. Rd3 Rd8 38. Rxd8+ Kxd8 39. Nxf8 Ke7 40. Ng6+ Ke8 41. Kd2 Nd7 42. e5 Nf8 43. Nxf8 Kxf8 44. Kc3 1-0

[Event "Berlin-ch Seniors op 34th"]
[Site "Berlin"]
[Date "2018.02.03"]
[Round "5"]
[White "Herrmann, Eberhard"]
[Black "Jiranek, Benno"]
[Result "1-0"]
[WhiteElo "1823"]
[BlackElo "1432"]
[PlyCount "49"]
[EventDate "2018.01.30"]
[EventType "swiss"]
[EventRounds "9"]
[EventCountry "GER"]
[SourceTitle "EXT 2020"]
[Source "ChessBase"]
[SourceDate "2019.10.17"]
[SourceVersion "1"]
[SourceVersionDate "2019.10.17"]
[SourceQuality "1"]

1. e4 e6 2. f4 d5 3. Nc3 d4 4. Nb1 e5 5. d3 Bd6 6. fxe5 Bxe5 7. Nf3 Bg4 8. Nbd2 Nc6 9. Be2 Nf6 10. 0-0 0-0 11. Nc4 Qe7 12. Nfxe5 Bf3 13. Nxf3 h6 14. Nh4 Ne5 15. Nf5 Qd7 16. Qe1 c5 17. Nxh6+ Kh7 18. Nf5 Ng6 19. Bg5 Rh8 20. Nxg7 Ng4 21. Qg3 N6e5 22. Bxg4 Nxg4 23. Nf5 Ne3 24. Bxe3 dxe3 25. Qg7# 1-0

[Event "Berlin-ch Seniors op 33rd"]
[Site "Berlin"]
[Date "2017.02.04"]
[Round "5"]
[White "Roloff, Karsten"]
[Black "Jiranek, Benno"]
[Result "1/2-1/2"]
[WhiteElo "1623"]
[BlackElo "1424"]
[PlyCount "50"]
[EventDate "2017.01.31"]
[EventType "swiss"]
[EventRounds "9"]
[EventCountry "GER"]
[SourceTitle "EXT 2019"]
[Source "ChessBase"]
[SourceDate "2018.10.10"]
[SourceVersion "1"]
[SourceVersionDate "2018.10.10"]
[SourceQuality "1"]

1. d4 d5 2. Bf4 Nf6 3. e3 Bf5 4. Nf3 e6 5. Nh4 Be7 6. Nxf5 exf5 7. Bd3 Qd7 8. 0-0 0-0 9. c3 Rc8 10. Qc2 g6 11. h3 c5 12. dxc5 Bxc5 13. Qe2 a6 14. Nd2 b5 15. a3 Bb6 16. Nf3 Bc7 17. Bxc7 Qxc7 18. Rad1 Nbd7 19. Bb1 Nb6 20. Ba2 Re8 21. Qd3 Rad8 22. Qb1 Ne4 23. Nd2 Nf6 24. Qc1 Rc8 25. Qb1 Qb7 1/2-1/2

[Event "Berlin-ch Seniors op 32nd"]
[Site "Berlin"]
[Date "2016.02.04"]
[Round "9"]
[White "Rollwitz, Inge"]
[Black "Jiranek, Benno"]
[Result "0-1"]
[WhiteElo "1472"]
[BlackElo "1412"]
[PlyCount "66"]
[EventDate "2016.01.26"]
[EventType "swiss"]
[EventRounds "9"]
[EventCountry "GER"]
[SourceTitle "EXT 2019"]
[Source "ChessBase"]
[SourceDate "2018.10.10"]
[SourceVersion "1"]
[SourceVersionDate "2018.10.10"]
[SourceQuality "1"]

1. e4 e6 2. Nf3 d5 3. exd5 exd5 4. d4 Nf6 5. Nbd2 Bd6 6. Be2 h6 7. 0-0 0-0 8. Re1 Re8 9. c3 Bf5 10. b4 a6 11. Bb2 b5 12. a3 c6 13. h3 Qc7 14. Bf1 Rxe1 15. Qxe1 Nbd7 16. g3 Re8 17. Qc1 Ne4 18. Nxe4 Bxe4 19. Bg2 Qd8 20. Qd2 Nf6 21. Nh2 Qb8 22. Re1 Kf8 23. f4 Bf5 24. Rxe8+ Nxe8 25. Nf3 f6 26. Bc1 g5 27. Qe3 Ng7 28. h4 Ne6 29. Kh2 gxf4 30. gxf4 Bxf4+ 31. Qxf4 Nxf4 32. Bf1 Nd3+ 33. Kg2 Nxc1 0-1

[Event "Berlin-ch Seniors op 32nd"]
[Site "Berlin"]
[Date "2016.01.28"]
[Round "3"]
[White "Jiranek, Benno"]
[Black "Bolle, Dietrich"]
[Result "1/2-1/2"]
[WhiteElo "1412"]
[BlackElo "1599"]
[PlyCount "64"]
[EventDate "2016.01.26"]
[EventType "swiss"]
[EventRounds "9"]
[EventCountry "GER"]
[SourceTitle "EXT 2019"]
[Source "ChessBase"]
[SourceDate "2018.10.10"]
[SourceVersion "1"]
[SourceVersionDate "2018.10.10"]
[SourceQuality "1"]

1. d4 Nf6 2. c4 e6 3. Nc3 Bb4 4. Nf3 d5 5. cxd5 exd5 6. Bg5 0-0 7. e3 h6 8. Bh4 Nbd7 9. Be2 c6 10. Qc2 Qe8 11. a3 Ba5 12. b4 Bd8 13. Bd3 Ng4 14. 0-0 Bxh4 15. Nxh4 Ngf6 16. Rae1 Nb6 17. e4 dxe4 18. Nxe4 Qd8 19. Nf3 Nbd5 20. Nxf6+ Nxf6 21. h3 Be6 22. Bc4 Nd5 23. Re5 Qf6 24. Nh2 Rad8 25. Rd1 Nf4 26. Bxe6 fxe6 27. Ng4 Qg6 28. Qxg6 Nxg6 29. Rxe6 Kh7 30. g3 Rd5 31. Ne3 Rd7 32. Kg2 Rfd8 1/2-1/2

[Event "Berlin-ch Seniors op 32nd"]
[Site "Berlin"]
[Date "2016.01.27"]
[Round "2"]
[White "Junghaenel, Dieter"]
[Black "Jiranek, Benno"]
[Result "1-0"]
[WhiteElo "1693"]
[BlackElo "1412"]
[PlyCount "63"]
[EventDate "2016.01.26"]
[EventType "swiss"]
[EventRounds "9"]
[EventCountry "GER"]
[SourceTitle "EXT 2019"]
[Source "ChessBase"]
[SourceDate "2018.10.10"]
[SourceVersion "1"]
[SourceVersionDate "2018.10.10"]
[SourceQuality "1"]

1. f4 d5 2. g3 g6 3. Bg2 Nf6 4. Nf3 Bg7 5. 0-0 c6 6. c3 0-0 7. d4 Na6 8. b4 Nc7 9. a4 a6 10. Bb2 Bd7 11. Nbd2 Nce8 12. Nb3 Nd6 13. Ne5 Be8 14. e3 Nc4 15. Nxc4 dxc4 16. Na5 Nd5 17. Nxc4 b5 18. axb5 cxb5 19. Bxd5 Qxd5 20. Nb6 Qb7 21. Nxa8 Qxa8 22. d5 Bd7 23. Qf3 h5 24. Qg2 Rc8 25. Ra3 Rc4 26. Re1 Bc8 27. e4 Bb7 28. Qd2 f5 29. exf5 gxf5 30. Rxe7 Bf8 31. Re5 Re4 32. Rxf5 1-0

[Event "Berlin Lichtenberger op 14th"]
[Site "Berlin"]
[Date "2015.08.21"]
[Round "7"]
[White "Jiranek, Benno"]
[Black "Radloff, Rainer"]
[Result "0-1"]
[WhiteElo "1454"]
[BlackElo "1667"]
[PlyCount "110"]
[EventDate "2015.08.15"]
[EventType "swiss"]
[EventRounds "9"]
[EventCountry "GER"]
[SourceTitle "EXT 2016"]
[Source "ChessBase"]
[SourceDate "2015.10.08"]
[SourceVersion "1"]
[SourceVersionDate "2015.10.08"]
[SourceQuality "1"]

1. d4 d5 2. c4 dxc4 3. e3 Be6 4. Qa4+ Qd7 5. Qxd7+ Nxd7 6. Nc3 c6 7. a4 a5 8. e4 Nb6 9. Bf4 Rc8 10. Rd1 Nf6 11. h3 Na8 12. d5 cxd5 13. exd5 Bf5 14. Nf3 Ne4 15. Ne5 Nxc3 16. bxc3 Bc2 17. Ra1 Bb3 18. Be2 Nb6 19. Bf3 Nxa4 20. Bd2 f6 21. Ng4 g6 22. 0-0 Bg7 23. Rfe1 Rd8 24. Re6 Nc5 25. Re2 f5 26. Nh2 Ne4 27. Bxe4 fxe4 28. Rxa5 Bc2 29. f3 exf3 30. Nxf3 h6 31. Ne1 Bb3 32. Nf3 Rf8 33. Ne5 Rf6 34. Ng4 Rfd6 35. Ne3 Kf8 36. Ra1 Kg8 37. Rf1 e6 38. Ref2 exd5 39. Ng4 d4 40. Bxh6 R6d7 41. Nf6+ Bxf6 42. Rxf6 Kh7 43. Bg5 Re8 44. cxd4 b5 45. R1f4 c3 46. Rh4+ Kg7 47. Rh6 Bc2 48. Rf4 Rh8 49. Rxh8 Kxh8 50. Bf6+ Kg8 51. Rf2 Bd3 52. Ra2 Rb7 53. Bg5 b4 54. Kf2 b3 55. Ra3 b2 0-1

[Event "Berlin Lichtenberger op 14th"]
[Site "Berlin"]
[Date "2015.08.17"]
[Round "3"]
[White "Jiranek, Benno"]
[Black "Reck, Jessica"]
[Result "0-1"]
[WhiteElo "1454"]
[BlackElo "1655"]
[PlyCount "92"]
[EventDate "2015.08.15"]
[EventType "swiss"]
[EventRounds "9"]
[EventCountry "GER"]
[SourceTitle "EXT 2016"]
[Source "ChessBase"]
[SourceDate "2015.10.08"]
[SourceVersion "1"]
[SourceVersionDate "2015.10.08"]
[SourceQuality "1"]

1. d4 Nf6 2. c4 g6 3. Nc3 Bg7 4. e4 d6 5. h3 0-0 6. Bg5 c5 7. d5 e6 8. Bd3 exd5 9. cxd5 Re8 10. Nge2 a6 11. a4 Nbd7 12. 0-0 Ne5 13. Bc2 Rb8 14. Bc1 b5 15. axb5 axb5 16. f4 Nc4 17. b3 Na5 18. Ng3 Nxd5 19. exd5 Bxc3 20. Rb1 Bd4+ 21. Kh2 f5 22. Qf3 Bd7 23. Bb2 Re3 24. Qd1 Qh4 25. Rf3 Rxf3 26. Qxf3 Bxb2 27. Rxb2 Qf6 28. Rb1 Re8 29. Ne2 Qe7 30. Re1 Qe3 31. Qxe3 Rxe3 32. Bd1 Kf7 33. Rg1 Nxb3 34. g4 Nd2 35. gxf5 Nf3+ 36. Kg2 Nxg1 37. Nxg1 Bxf5 38. Bg4 Bxg4 39. hxg4 Rd3 40. Ne2 Rxd5 41. Nc3 Rd2+ 42. Kf1 b4 43. Ne4 Rd5 44. Ke2 h5 45. gxh5 gxh5 46. Ng5+ Rxg5 0-1

[Event "Berlin Lichtenberger op 14th"]
[Site "Berlin"]
[Date "2015.08.16"]
[Round "2"]
[White "Lieder, Guenter"]
[Black "Jiranek, Benno"]
[Result "1-0"]
[WhiteElo "1849"]
[BlackElo "1454"]
[PlyCount "99"]
[EventDate "2015.08.15"]
[EventType "swiss"]
[EventRounds "9"]
[EventCountry "GER"]
[SourceTitle "EXT 2016"]
[Source "ChessBase"]
[SourceDate "2015.10.08"]
[SourceVersion "1"]
[SourceVersionDate "2015.10.08"]
[SourceQuality "1"]

1. e4 e6 2. b3 d5 3. Bb2 dxe4 4. Nc3 Nf6 5. g4 h6 6. Qe2 Nc6 7. Nxe4 Nxe4 8. Qxe4 Qd5 9. f3 Qxe4+ 10. fxe4 e5 11. h3 Bd7 12. Nf3 f6 13. 0-0-0 0-0-0 14. Bc4 Bd6 15. Nh4 Ne7 16. Nf5 Nxf5 17. gxf5 Rhe8 18. Rhg1 Re7 19. Rg3 b5 20. Be2 Rg8 21. Rdg1 Be8 22. Kb1 Bc5 23. R1g2 a6 24. a4 Kb7 25. axb5 axb5 26. Bc1 g5 27. h4 Kb6 28. d3 c6 29. hxg5 hxg5 30. Rh3 Ra7 31. Rh6 Bd7 32. Bb2 Rga8 33. Rg3 b4 34. Kc1 Bd4 35. Bxd4+ exd4 36. Rxf6 Ra1+ 37. Kd2 Rh1 38. Rxg5 Rh2 39. Rgg6 Ra1 40. Rh6 Rah1 41. Rxh2 Rxh2 42. Rf8 Rf2 43. Ke1 Rf4 44. Bh5 Kc7 45. Bg6 Kd6 46. Rh8 Rg4 47. Be8 Rg1+ 48. Kd2 Rg2+ 49. Kc1 Bc8 50. Rh6+ 1-0

[Event "Berlin-ch Seniors op 31st"]
[Site "Berlin"]
[Date "2015.02.06"]
[Round "8"]
[White "Luebbers, Doris"]
[Black "Jiranek, Benno"]
[Result "1/2-1/2"]
[WhiteElo "1298"]
[BlackElo "1305"]
[PlyCount "93"]
[EventDate "2015.01.29"]
[EventType "swiss"]
[EventRounds "9"]
[EventCountry "GER"]
[SourceTitle "EXT 2018"]
[Source "ChessBase"]
[SourceDate "2017.10.13"]
[SourceVersion "1"]
[SourceVersionDate "2017.10.13"]
[SourceQuality "1"]

1. d4 d5 2. Nf3 Nf6 3. e3 b6 4. Be2 e6 5. b3 Nbd7 6. 0-0 Bd6 7. Ba3 Bxa3 8. Nxa3 0-0 9. c4 Bb7 10. cxd5 exd5 11. Rc1 a6 12. Nc2 Rc8 13. Nb4 Nb8 14. Ne5 Qd6 15. Nbd3 Ne4 16. f3 Ng5 17. Qd2 f6 18. Ng4 Rce8 19. Rfe1 Re7 20. Bf1 Rfe8 21. Re2 Nf7 22. Rce1 f5 23. Ngf2 Nd7 24. f4 Nf6 25. g3 Ne4 26. Nxe4 fxe4 27. Nc1 Bc8 28. Rf2 Qh6 29. Ne2 Re6 30. Nc3 c6 31. Qb2 Rf6 32. Ree2 Nd6 33. Nd1 Bg4 34. Rd2 Bh3 35. Bxh3 Qxh3 36. Rg2 Nf5 37. Rde2 Ree6 38. Nf2 Qh6 39. Ng4 Qh3 40. Nxf6+ Rxf6 41. Qc2 Nh6 42. Qd2 Ng4 43. a3 Rg6 44. Qe1 h5 45. Kh1 Kh7 46. Qg1 Nh6 47. b4 1/2-1/2

[Event "Berlin-ch Seniors op 31st"]
[Site "Berlin"]
[Date "2015.01.31"]
[Round "3"]
[White "Jiranek, Benno"]
[Black "Steppan, Siegfried"]
[Result "0-1"]
[WhiteElo "1305"]
[BlackElo "1439"]
[PlyCount "56"]
[EventDate "2015.01.29"]
[EventType "swiss"]
[EventRounds "9"]
[EventCountry "GER"]
[SourceTitle "EXT 2018"]
[Source "ChessBase"]
[SourceDate "2017.10.13"]
[SourceVersion "1"]
[SourceVersionDate "2017.10.13"]
[SourceQuality "1"]

1. d4 Nf6 2. c4 g6 3. Nc3 Bg7 4. e4 d6 5. h3 0-0 6. Bg5 c5 7. d5 e6 8. Bd3 exd5 9. exd5 Nbd7 10. Nf3 Re8+ 11. Be3 Bh6 12. Qd2 Qe7 13. Ke2 Bxe3 14. fxe3 Ne5 15. Raf1 Nxd3 16. Qxd3 Bf5 17. Qd2 Nh5 18. Kf2 Nf6 19. Re1 Be4 20. Ng5 a6 21. Rhf1 Ng4+ 22. hxg4 Qxg5 23. Qe2 b5 24. Kg1 b4 25. Nxe4 Rxe4 26. Rf4 Rae8 27. Qf3 Rxf4 28. Qxf4 Qxf4 0-1

[Event "Berlin-ch Seniors op 30th"]
[Site "Berlin"]
[Date "2014.02.05"]
[Round "7"]
[White "Jiranek, Benno"]
[Black "Schweitzer, Paul"]
[Result "0-1"]
[WhiteElo "1328"]
[BlackElo "1563"]
[PlyCount "82"]
[EventDate "2014.01.30"]
[EventType "swiss"]
[EventRounds "9"]
[EventCountry "GER"]
[SourceTitle "EXT 2018"]
[Source "ChessBase"]
[SourceDate "2017.10.13"]
[SourceVersion "1"]
[SourceVersionDate "2017.10.13"]
[SourceQuality "1"]

1. d4 d5 2. c4 e6 3. Nc3 c6 4. Nf3 Nd7 5. cxd5 exd5 6. Bf4 Ne7 7. e3 Ng6 8. Bg3 Be7 9. Be2 Qb6 10. Na4 Qa5+ 11. Nd2 Nf6 12. Nc3 Bf5 13. Nb3 Qd8 14. 0-0 h5 15. h3 Qc8 16. Kh2 h4 17. Be5 Nd7 18. Nd2 Ndxe5 19. dxe5 Nxe5 20. Rc1 Qb8 21. Kh1 Qd6 22. Nf3 Qf6 23. Nh2 Qg6 24. Qb3 Rb8 25. e4 dxe4 26. Na4 0-0 27. Qe3 b6 28. f4 exf3 29. Bxf3 Bf6 30. Bxc6 Rbc8 31. Bb5 Rxc1 32. Rxc1 Be4 33. Qf2 Rd8 34. Rg1 Qg5 35. Nf3 Qf5 36. Rf1 Bxf3 37. gxf3 Qxh3+ 38. Qh2 Qxh2+ 39. Kxh2 Rd2+ 40. Kg1 Ng6 41. Rf2 Bd4 0-1

[Event "Berlin-ch Seniors op 30th"]
[Site "Berlin"]
[Date "2014.02.03"]
[Round "5"]
[White "Jiranek, Benno"]
[Black "Kuehnemann, Gunnar"]
[Result "0-1"]
[WhiteElo "1328"]
[BlackElo "1558"]
[PlyCount "78"]
[EventDate "2014.01.30"]
[EventType "swiss"]
[EventRounds "9"]
[EventCountry "GER"]
[SourceTitle "EXT 2018"]
[Source "ChessBase"]
[SourceDate "2017.10.13"]
[SourceVersion "1"]
[SourceVersionDate "2017.10.13"]
[SourceQuality "1"]

1. d4 Nf6 2. c4 g6 3. Nc3 Bg7 4. e4 d6 5. Be2 0-0 6. Bg5 h6 7. Be3 c6 8. Nf3 Ng4 9. Bc1 e5 10. d5 cxd5 11. cxd5 Nd7 12. h3 Ngf6 13. Bd3 Nc5 14. Bc2 a5 15. Be3 Na6 16. a3 Bd7 17. 0-0 b5 18. Qd2 h5 19. Nh2 Nh7 20. f4 b4 21. Na4 Bb5 22. Rf2 Bh6 23. Rc1 Bxf4 24. Bxf4 exf4 25. Rxf4 Qe8 26. Re1 Bxa4 27. Bxa4 Qxa4 28. e5 dxe5 29. Rxe5 Rae8 30. Rfe4 Nc5 31. Re2 Rxe5 32. Rxe5 Re8 33. Rxe8+ Qxe8 34. axb4 axb4 35. Nf3 Kg7 36. Qd4+ Nf6 37. Qxc5 Qd7 38. Qd4 Qxd5 39. Qxd5 Nxd5 0-1

[Event "Berlin Lichtenberger op 12th"]
[Site "Berlin"]
[Date "2013.08.21"]
[Round "5"]
[White "Jiranek, Benno"]
[Black "Albinus, Guenter"]
[Result "0-1"]
[WhiteElo "1480"]
[BlackElo "1844"]
[PlyCount "69"]
[EventDate "2013.08.17"]
[EventType "swiss"]
[EventRounds "9"]
[EventCountry "GER"]
[SourceTitle "CBM 156 Extra"]
[Source "ChessBase"]
[SourceDate "2013.10.22"]
[SourceVersion "1"]
[SourceVersionDate "2013.10.22"]
[SourceQuality "1"]

1. d4 Nf6 2. c4 e6 3. Nc3 d5 4. cxd5 exd5 5. Bg5 Be7 6. e3 c6 7. Bd3 Ne4 8. Bxe7 Qxe7 9. Nf3 Nf6 10. 0-0 0-0 11. h3 Nbd7 12. Re1 Re8 13. e4 dxe4 14. Bxe4 Nxe4 15. Rxe4 Qd8 16. Qe2 Nf6 17. Re5 Bd7 18. Re1 h6 19. Rxe8+ Qxe8 20. Qc4 Be6 21. d5 cxd5 22. Qb4 Qd7 23. Ne5 Qc7 24. Nb5 Qb6 25. Qa4 Ne4 26. Nd3 Bd7 27. Qb3 Qxb5 28. Qd1 Qb6 29. Qf3 Be6 30. Nf4 Qxb2 31. Re2 Qc1+ 32. Kh2 Qc7 33. g3 Rc8 34. Nd3 Ng5 35. Nf4 0-1

[Event "Berlin Lichtenberger op 11th"]
[Site "Berlin"]
[Date "2012.08.18"]
[Round "1"]
[White "Jiranek, Benno"]
[Black "Muskewitz, Bernd"]
[Result "0-1"]
[WhiteElo "1442"]
[BlackElo "1992"]
[PlyCount "90"]
[EventDate "2012.08.18"]
[EventType "swiss"]
[EventRounds "9"]
[EventCountry "GER"]
[SourceTitle "CBM 150 Extra"]
[Source "ChessBase"]
[SourceDate "2012.10.19"]
[SourceVersion "1"]
[SourceVersionDate "2012.10.19"]
[SourceQuality "1"]

1. d4 d5 2. c4 dxc4 3. e3 e5 4. Bxc4 exd4 5. Qb3 Qe7 6. Nf3 Qb4+ 7. Bd2 Qxb3 8. Bxb3 dxe3 9. Bxe3 Bb4+ 10. Nbd2 Nf6 11. Bd4 Nbd7 12. 0-0 0-0 13. a3 Bxd2 14. Nxd2 c5 15. Bc3 b6 16. Rfe1 Ba6 17. Re7 b5 18. Rae1 c4 19. Bd1 Rfe8 20. Bf3 Rxe7 21. Rxe7 Re8 22. Bb4 Rxe7 23. Bxe7 Bc8 24. Bd6 a6 25. Ne4 Ne8 26. Bg3 Kf8 27. Kf1 Bb7 28. Ng5 Bxf3 29. Nxf3 Nc5 30. Be5 Nd3 31. Bc3 Nd6 32. Nd4 Ne4 33. Bb4+ Nxb4 34. axb4 Ke8 35. Nc6 Kd7 36. Nb8+ Kc7 37. Nxa6+ Kb7 38. f3 Nd2+ 39. Ke1 Nb3 40. Nc5+ Nxc5 41. bxc5 Kc6 42. b3 Kxc5 43. bxc4 Kxc4 44. Kd1 Kb3 45. Kc1 Ka2 0-1

[Event "Berlin-ch qualification"]
[Site "Berlin-Lichtenrade"]
[Date "2012.04.10"]
[Round "5.14"]
[White "Jiranek, Benno"]
[Black "Kostre, Margarita"]
[Result "1-0"]
[WhiteElo "1419"]
[BlackElo "1789"]
[PlyCount "35"]
[EventDate "2012.04.08"]
[EventType "swiss"]
[EventRounds "9"]
[EventCountry "GER"]
[SourceTitle "EXT 2022"]
[Source "ChessBase"]
[SourceDate "2021.10.06"]
[SourceVersion "1"]
[SourceVersionDate "2021.10.06"]
[SourceQuality "1"]

1. d4 Nf6 2. Nf3 g6 3. g3 Bg7 4. Bg2 0-0 5. 0-0 d6 6. c4 Nc6 7. Nc3 e5 8. d5 Ne7 9. e4 a6 10. h3 c6 11. a4 Bd7 12. dxc6 Bxc6 13. Ne1 Qc7 14. Nc2 Nd7 15. b4 f5 16. f3 Qb6+ 17. Be3 Qxb4 18. Nxb4 1-0

[Event "Berlin-ch Seniors op 27th"]
[Site "Berlin"]
[Date "2011.02.01"]
[Round "4"]
[White "Jiranek, Benno"]
[Black "Pfueller, Volker"]
[Result "0-1"]
[WhiteElo "1263"]
[BlackElo "1609"]
[PlyCount "66"]
[EventDate "2011.01.29"]
[EventType "swiss"]
[EventRounds "9"]
[EventCountry "GER"]
[SourceTitle "EXT 2012"]
[Source "ChessBase"]
[SourceDate "2011.11.24"]
[SourceVersion "1"]
[SourceVersionDate "2011.11.24"]
[SourceQuality "1"]

1. d4 f5 2. c4 Nf6 3. Nf3 g6 4. Nc3 Bg7 5. e3 0-0 6. Bd3 d6 7. 0-0 a5 8. h3 Na6 9. a3 Qe8 10. Re1 e5 11. e4 f4 12. d5 Bd7 13. b3 Qc8 14. Bf1 Nc5 15. Bb2 h6 16. b4 axb4 17. axb4 Rxa1 18. Bxa1 Na6 19. Na2 Kh7 20. Qb1 g5 21. Bd3 Bxh3 22. Kf1 Bxg2+ 23. Ke2 Bxf3+ 24. Kd2 Qh3 25. Bf1 Qh2 26. Bd3 Qxf2+ 27. Re2 Bxe2 28. Bxe2 Qe3+ 29. Kd1 f3 30. Bd3 Qg1+ 31. Kc2 Qxb1+ 32. Kxb1 Ng4 33. Bc3 f2 0-1

[Event "Berlin-ch Seniors op 27th"]
[Site "Berlin"]
[Date "2011.01.31"]
[Round "3"]
[White "Jiranek, Benno"]
[Black "Peter, Volkhard"]
[Result "0-1"]
[WhiteElo "1263"]
[BlackElo "1675"]
[PlyCount "68"]
[EventDate "2011.01.29"]
[EventType "swiss"]
[EventRounds "9"]
[EventCountry "GER"]
[SourceTitle "EXT 2012"]
[Source "ChessBase"]
[SourceDate "2011.11.24"]
[SourceVersion "1"]
[SourceVersionDate "2011.11.24"]
[SourceQuality "1"]

1. d4 d5 2. c4 e5 3. dxe5 d4 4. Nf3 Nc6 5. g3 Bg4 6. Bf4 Qd7 7. Bg2 0-0-0 8. 0-0 h6 9. Bd2 Qe6 10. Qa4 Kb8 11. Na3 a6 12. b4 Nxe5 13. Nxe5 Qxe5 14. Bf4 Qe7 15. Qa5 g5 16. Qb6 Bc8 17. Qa5 gxf4 18. c5 fxg3 19. fxg3 Nf6 20. Rac1 Qe3+ 21. Kh1 Ng4 22. Rb1 Nf2+ 23. Kg1 Ne4+ 24. Kh1 f5 25. Nc4 Qxe2 26. Ne5 Nxg3+ 27. hxg3 Qxe5 28. Rfe1 Qxg3 29. b5 Bxc5 30. bxa6 Rhg8 31. Re2 Ba7 32. Rxb7+ Bxb7 33. axb7 Qh4+ 34. Kg1 d3+ 0-1

[Event "Berlin Lichtenberger op 9th"]
[Site "Berlin"]
[Date "2010.08.15"]
[Round "9"]
[White "Jiranek, Benno"]
[Black "Opitz, Stefanie"]
[Result "1-0"]
[WhiteElo "1399"]
[BlackElo "1156"]
[PlyCount "43"]
[EventDate "2010.08.07"]
[EventType "swiss"]
[EventRounds "9"]
[EventCountry "GER"]
[SourceTitle "CBM 137 Extra"]
[Source "ChessBase"]
[SourceDate "2010.09.01"]
[SourceVersion "1"]
[SourceVersionDate "2010.09.01"]
[SourceQuality "1"]

1. d4 d5 2. c4 Nf6 3. cxd5 Nxd5 4. e4 Nb6 5. Nf3 Bg4 6. Be2 e6 7. 0-0 Nc6 8. Be3 Qf6 9. Bg5 Qg6 10. d5 exd5 11. exd5 Ne7 12. Bxe7 Bxe7 13. Re1 0-0 14. Ne5 Bxe2 15. Nxg6 Bxd1 16. Nxe7+ Kh8 17. Rxd1 Rfe8 18. Nf5 Nc4 19. Nc3 g6 20. Ne3 a6 21. Nxc4 b5 22. Na5 1-0